00781 2200325 4500001002100000005001500021035002000036007000300056008003900059020001900098082000800117084001400125100001700139245006100156250001400217260003400231300003700265650002600302700001700328990001100345990001100356990001100367990001100378990001100389990001100400990001100411990001100422990001100433990001100444INLIS00000000000508820240531073530 a0010-0524000055ta240531 | | |  a978623266619-1 a574 a574 IRN i0 aIrnaningtyas1 aIPA Biologi Kelas X :bKurikulum Merdeka /cIrnaningtyas aCet. 1,-- aJakarta. :bErlangga.,c2022. a342 hlm. :bilus. ;c25 x 18 cm. aEitor, Putri Larasati0 aAylva Sagita a8226.a a8232.a a8227.a a8204.a a8219.a a8219.a a8226.a a8232.a a8227.a a8204.a